| 000 | 01127cam a2200337 a 4500 | ||
|---|---|---|---|
| 001 | 138120 | ||
| 003 | OSt | ||
| 005 | 20180116183025.0 | ||
| 008 | 980319s1996 pk a 000 0 eng | ||
| 010 | _a 97930315 | ||
| 025 | _aP-E-97930315; 08 | ||
| 040 |
_aDLC _cDLC _dDLC |
||
| 041 | 1 |
_aeng _hurd |
|
| 042 | _alcode | ||
| 043 | _aa-pk--- | ||
| 050 | 0 | 0 |
_aDS389 _b.P38 1996 |
| 082 | 0 | 0 |
_a821.914080355 PER 1996 _221 |
| 100 | 1 | _aParvez, Nasrīn. | |
| 240 | 1 | 0 |
_aJīyo aur jīne do. _lEnglish |
| 245 | 1 | 0 |
_aLive and let live _cby Nasreen Pervez. |
| 260 |
_a[S.l. : _bs. n, _c1996] _e(Lahore : _fal-Abbas Printers). |
||
| 300 |
_a18 p. : _bill. ; _c22 cm. |
||
| 440 | _aLive and let live | ||
| 500 | _a"14th August 1996"--T.p. | ||
| 500 | _a"This chapter "Live and let live" which has been taken from my book 'Salma ka muqadma' is dedicated to the Muslim world." | ||
| 600 | _aParvez, Nasreen | ||
| 651 | 0 |
_aPakistan _xPolitics and government _y1988- |
|
| 906 |
_a7 _bcbc _corigode _d3 _encip _f19 _gy-gencatlg |
||
| 942 |
_2ddc _cBK |
||
| 999 |
_c350764 _d350764 |
||